000 00689nam a2200217Ia 4500
003 OSt
005 20250925125945.0
008 210719s1999 xx 000 0 und d
040 _cAL
041 _aTulu
082 _aT894.2 JAYS
100 _aJAYANTI (S Bangera)
_dಜಯಂತಿ (ಎಸ್ ಬಂಗೇರ)
_9240456
245 _aSattya negapunaga
_bಸತ್ಯ ನೆಗಪುನಗ
260 _aMangaluru
_bDurga Prakashana
_c1999
300 _a60
_bPB
365 _b30
_cRs
650 _aತುಳು ಜಾನಪದ ನಾಟಕ Tulu janapada nataka
_9240457
650 _aTulu Drama
_9240458
906 _ajanapada ; nataka ; negapunaga ; Sattya ; Tulu
942 _2ddc
_cBK
999 _c214822
_d214822